| 000 | 00546nam a22001817a 4500 | ||
|---|---|---|---|
| 003 | CEME | ||
| 005 | 20210628202446.0 | ||
| 008 | 210121b xxu||||| |||| 00| 0 eng d | ||
| 020 | _a0-521-83859-2 | ||
| 040 | _c. | ||
| 082 | _a621.384 DAV | ||
| 100 |
_aDavidson , David .B _959995 |
||
| 245 | _aComputional electromagnetics for rf and microwave engineering | ||
| 260 |
_aNEW YORK _bCAMBRIDGE UNIVERSITY PRESS _c2005 |
||
| 300 | _aXIX,411P | ||
| 650 |
_aCOMPUTIONAL ELECTROMAGNETICS FOR RF AND MICROWAVE ENGINEERING _959996 |
||
| 942 |
_cBK _2ddc |
||
| 999 |
_c569842 _d569842 |
||